Children and promotion : new consumer battleground? /

Bibliographic Details
Main Author: Ward, Scott, 1942-
Format: Book
Language:English
Published: Cambridge, Mass. : Marketing Science Institute, 1972.
Series:Report (Marketing Science Institute) ; no. 72-60.
Subjects:

MARC

Tag First Indicator Second Indicator Subfields
LEADER 00000cam a2200000 i 4500
001 in00000061385
005 20230822105908.0
008 750718s1972 mau b 000 0 eng d
019 |a 1854112  |a 1059809890 
029 1 |a AU@  |b 000055198559 
029 1 |a NZ1  |b 4611688 
035 |a (OCoLC)ocm01458398  
035 |a (OCoLC)1458398  |z (OCoLC)1854112  |z (OCoLC)1059809890 
035 |a (OCoLC)ocm01458398  
040 |a DRB  |b eng  |c DRB  |d OCL  |d TAI  |d OCLCG  |d KYUBL  |d OCLCQ  |d OCLCF  |d OCLCQ  |d OCLCO  |d WYU  |d OCLCO  |d OCLCQ  |d OCLCO 
043 |a n-us--- 
050 4 |a HF6146.T42  |b W373 
082 0 4 |a 658.834  |b W2175ch 
100 1 |a Ward, Scott,  |d 1942- 
245 1 0 |a Children and promotion :  |b new consumer battleground? /  |c by Scott Ward. 
260 |a Cambridge, Mass. :  |b Marketing Science Institute,  |c 1972. 
300 |a 31 pages ;  |c 28 cm 
336 |a text  |b txt  |2 rdacontent 
337 |a unmediated  |b n  |2 rdamedia 
338 |a volume  |b nc  |2 rdacarrier 
490 1 |a Working paper - Marketing Science Institute. 
500 |a On cover: Preliminary research report. 
504 |a Includes bibliographical references (pages 29-31). 
650 0 |a Young consumers. 
650 0 |a Television advertising. 
650 0 |a Television and youth. 
650 6 |a Jeunes consommateurs. 
650 6 |a Publicité télévisée. 
650 6 |a Télévision et jeunesse. 
650 7 |a Television advertising.  |2 fast  |0 (OCoLC)fst01146648 
650 7 |a Television and youth.  |2 fast  |0 (OCoLC)fst01146702 
650 7 |a Young consumers.  |2 fast  |0 (OCoLC)fst01183255 
830 0 |a Report (Marketing Science Institute) ;  |v no. 72-60. 
948 |h HELD BY TXA - 30 OTHER HOLDINGS 
994 |a Z0  |b TXA 
999 f f |s 55ff6d1c-9bdb-3ae7-ab7d-832993a21599  |i 7db72bc7-d085-3409-9990-4eaca62ace0f  |t 0 
952 f f |p ric  |a Texas A&M University  |b Rellis Campus  |c Joint Library Facility  |d Remote Storage  |t 0  |e HF6146.T42 W34  |h Library of Congress classification  |i unmediated -- volume  |m A14808540483 
998 f f |a HF6146.T42 W34  |t 0  |l Remote Storage